El aprendizaje de la reflexión en geometría entre estudiantes de primaria (Record no. 169989)
[ view plain ]
| 000 -CABECERA | |
|---|---|
| campo de control de longitud fija | 00837nab a2200241 a 4500 |
| 005 - FECHA Y HORA DE LA ÚLTIMA TRANSACCIÓN | |
| campo de control | 20210219162110.0 |
| 008 - ELEMENTOS DE LONGITUD FIJA--INFORMACIÓN GENERAL | |
| campo de control de longitud fija | 991125s1985 mx 000 0 spa u |
| 035 ## - NÚMERO DE CONTROL DEL SISTEMA | |
| Número de control de sistema | UPN01000197888 |
| 049 ## - COLECCIÓN | |
| Colección | ART |
| 100 1# - ASIENTO PRINCIPAL--NOMBRE PERSONAL | |
| Nombre de persona | Martínez Victoria, Avelina Englandi |
| 222 ## - TÍTULO CLAVE | |
| Título clave | ESCRI/VIENDO : |
| Información calificativa | REVISTA PEDAGOGICA |
| 245 ## - MENCIÓN DE TÍTULO | |
| Título | El aprendizaje de la reflexión en geometría entre estudiantes de primaria |
| 260 ## - PUBLICACIÓN, DISTRIBUCIÓN, ETC. | |
| Lugar de publicación, distribución, etc. | Toluca, Estado de México |
| 300 ## - DESCRIPCIÓN FÍSICA | |
| Extensión | 37-42 |
| 362 0# - FECHAS DE PUBLICACIÓN Y/O DESIGNACIÓN SECUENCIAL | |
| Fecha de publicación y/o designación secuencial | 2010 Año 7, no. 16, sept. |
| 653 0# - TERMINO DE INDIZACION - NO CONTROLADO | |
| Término no controlado | EDUCACION PRIMARIA |
| 653 0# - TERMINO DE INDIZACION - NO CONTROLADO | |
| Término no controlado | GEOMETRIA |
| 653 0# - TERMINO DE INDIZACION - NO CONTROLADO | |
| Término no controlado | REPRESENTACIONES MENTALES |
| 653 0# - TERMINO DE INDIZACION - NO CONTROLADO | |
| Término no controlado | HABILIDAD VISOMOTORA |
| 856 4# - LOCALIZACIÓN Y ACCESO ELECTRÓNICOS | |
| Identificador Uniforme del Recurso | <a href="https://www.yumpu.com/es/document/view/14302480/revista-pedagogica-escri-viendo-no16-seiem">https://www.yumpu.com/es/document/view/14302480/revista-pedagogica-escri-viendo-no16-seiem</a> |
| 856 4# - LOCALIZACIÓN Y ACCESO ELECTRÓNICOS | |
| Identificador Uniforme del Recurso | <a href="http://www.seiem.gob.mx/web/x1_docs/escri-viendo_16.pdf">http://www.seiem.gob.mx/web/x1_docs/escri-viendo_16.pdf</a> |
| 905 ## - TIPO DE MATERIAL | |
| Tipo de material | Articulo |
No items available.
